| 000 | 00639cam a22002291 4500 | ||
|---|---|---|---|
| 001 | agr45000337 | ||
| 003 | DLC | ||
| 005 | 20260227111003.0 | ||
| 008 | 761022s1945 nyua j 000 0 eng | ||
| 010 | _aagr45000337 | ||
| 035 | _a(OCoLC)2520737 | ||
| 040 |
_aDLC _cNSbSU _dNSbSU _dOCoLC _dOKentU _dDLC |
||
| 042 | _apremarc | ||
| 050 | 0 | 0 |
_aSF347 _b.A5 |
| 082 | _a798.4 | ||
| 100 | 1 |
_aAnderson, C. W. _q(Clarence William), _d1891-1971. |
|
| 245 | 1 | 2 |
_aA touch of greatness, _cby C. W. Anderson. |
| 260 |
_aNew York, _bMacmillan, _c1945. |
||
| 300 |
_a96 p. _billus. _c22 x 29 cm. |
||
| 650 | 0 | _aHorses | |
| 650 | 0 |
_aHorses _vPictorial works |
|
| 999 |
_c10421 _d10421 |
||